000 00592nam a2200193Ia 4500
003 GCL
008 140319s9999 xx 000 0 ara d
040 _aGCL /
_cGCL
082 0 4 _aد
_b050
100 1 _aابراهيم عبدالقادر المازنى
245 1 0 _aمن النافذة (اقرا 83) /
_cابراهيم عبدالقادر المازنى
700 1 _aابراهيم عصمت مطاوع
300 _a127 ص
490 _aوثائق ونصوص
_v0
650 0 4 _aالادب العربى
650 0 4 _aالقصص العربية
650 0 4 _aالقصص
942 _2ddc
_cCF
999 _c27249
_d27249